| 000 | 00353nam a2200133Ia 4500 | ||
|---|---|---|---|
| 005 | 20251222141936.0 | ||
| 008 | 251222s9999||||xx |||||||||||||| ||spa|| | ||
| 020 | _a978-9972-2862-7-8 | ||
| 082 | _a363.185/B26 | ||
| 100 | _aBasombrÃo Iglesias, Carlos | ||
| 245 | 0 | _aDelito e Inseguridad Ciudadana: | |
| 264 | _bInstituto de Defensa Legal | ||
| 942 | _cLIB | ||
| 999 |
_c9186 _d9186 |
||